000 00995nam a2200241Ia 4500
999 _c52849
_d52849
001 19879
003 GE_BSU
005 20200423221859.0
008 181216s1953||||ge |||||||||||||| ||geo||
040 _cGE_BSU
041 _ageo
080 _a81'.374(038) = 353.1 = 161.1 დ-16
100 _aდათიკაშვილი, ქეთევან
_97970
245 _aქართულ - რუსული ლექსიკონი :
_bწ. 1 [ა - დ] /
_cქეთევან დათიკაშვილი ; რედ. ლ. ხუნდაძე
264 _aთბილისი :
_bსახელგამი,
_c1953.
300 _aXXIV, 688 გვ. ;
_c22 სმ.
504 _aბიბლიოგრ. : გვ. 685
541 _h2ლ.38თ.
653 _aლექსიკონი
653 _aქართულ - რუსული ლექსიკონი
700 _aხუნდაძე, ლ.
_eრედაქტორი
_97971
942 _cBK
_2udc